Entre - Deux Guerres : Le Front Populaire et la Montée des Périls. - Statistiques

Statistiques générales
  • Ce quiz a été pris 140 fois
  • Le résultat moyen est 11 sur 15
Statistiques - réponses
Question Réponse % Correct
A quelle date la Seconde Guerre Mondiale débutera - t' elle, lorsqu' Adolf Hitler envahira la Pologne? 1er Septembre 1939.
92%
2 / 3 . Création des Conventions Collectives, afin de négocier les conditions de travail des employés.
90%
Quelle personne devient ainsi le Chef du Gouvernement en Mai 1936, après la victoire du FP en Mai 1936? Léon BLUM.
89%
Que représente le Front Populaire? Une alliance des trois principaux partis de Gauche afin de remporter les élections législatives.
88%
Avec quel pays le Fuhrer conclura - t' il des alliances, donnant ainsi naissance aux Forces de l' Axe? L' Italie et le Japon.
85%
A quelle date les Ligues de Droite ont - elles décidé d'organiser une manifestation, s'étant transformée en Émeute contre le Parlement? 6 Février 1934.
77%
Pour les " "prochaines questions, sélectionnez les réformes réalisées à l'aide des Accords de Matignon. 1 / 3 . Réduction du temps de travail à 40 heures par semaine, augmentant ainsi le salaire des ouvriers.
76%
Quel pacte brisera - t'il en 1941, lorsqu'il lancera l'opération Barbarossa (= invasion de l' U.R.S.S)? Le Pacte de Non - Agression Germano - Soviétique.
75%
Quel est le nom donné à l' invasion de l' Autriche de 1938? L' Anschluss.
73%
Qu'est - ce qu' une Ligue? Un groupe d'extrême droite s'opposant à la République avec violence.
73%
Lorsqu' un pays est atteint par une crise économique / politique / sociale, qu'ont tendance à faire les électeurs? Ils se tournent vers des partis extrémistes.
71%
3 / 3 . Les employés possèdent 15 Jours de Congés Payés.
70%
En quelle année le Front Populaire disparaîtra - t' il, dû à son échec de résolution de la crise? 1938.
60%
Quelle région Adolf Hitler remilitarisera - t' il en 1935, violant ainsi le Traité de Versailles? La Rhénanie.
57%
Quel est le nom du principal parti d'extrême gauche Français? Le PCF ( Parti Communiste Français).
48%
Aucun quiz correspondant
Distribution des résultats
% des personnes avec chaque résultat
Percentile par nombre de réponses
Votre historique - résultats
Vous n’avez pas pris ce quiz